000 00410nam a2200133Ia 4500
008 211119s9999||||xx |||||||||||||| ||und||
082 _a641.363
_bGOP-M
100 _aGopinadhan Nair, P
245 0 _aMamsaharathinte Keduthikal
260 _bKerala Bhasha Institute
_aThiruvananthapuram
_c1998
300 _a36p
650 _aTechnology
_vHome & family managementEconomics
_xPGR-GANDHIAN STUDIES
942 _cBOOK
999 _c106089
_d106089